La intuición cuántica de la creación : (Registro nro. 15621)

Detalles MARC
000 -CABECERA
campo de control de longitud fija 02804nam a2200349 a 4500
001 - NÚMERO DE CONTROL
campo de control 000043307
003 - IDENTIFICADOR DEL NÚMERO DE CONTROL
campo de control DO-SdBPM
005 - FECHA Y HORA DE LA ÚLTIMA TRANSACCIÓN
campo de control 20260123105506.0
007 - CAMPO FIJO DE DESCRIPCIÓN FÍSICA--INFORMACIÓN GENERAL
campo de control de longitud fija ta
008 - DATOS DE LONGITUD FIJA--INFORMACIÓN GENERAL
campo de control de longitud fija 140305s2014 dr 001 0 spa d
020 ## - NÚMERO INTERNACIONAL ESTÁNDAR DEL LIBRO
Número Internacional Estándar del Libro 9789993446279
040 ## - FUENTE DE LA CATALOGACIÓN
Centro catalogador/agencia de origen DO-SdBPM
Lengua de catalogación spa
Centro/agencia transcriptor BPMSU
Centro/agencia modificador rda
082 #4 - NÚMERO DE LA CLASIFICACIÓN DECIMAL DEWEY
Número de clasificación 801.92
Número de documento/Ítem R789i 2014
Número de edición 22
100 1# - ENTRADA PRINCIPAL--NOMBRE DE PERSONA
Nombre de persona Rosario Candelier, Bruno,
Fechas asociadas al nombre 1941-
Término indicativo de función/relación autor
Código de función/relación aut.
245 13 - MENCIÓN DE TÍTULO
Título La intuición cuántica de la creación :
Resto del título teoría metafísica y simbólica de la obra literaria /
Mención de responsabilidad, etc. Bruno Rosario Candelier.
264 ## - PRODUCCIÓN, PUBLICACIÓN, DISTRIBUCIÓN, FABRICACIÓN Y COPYRIGHT
Producción, publicación, distribución, fabricación y copyright Santo Domingo :
Nombre del de productor, editor, distribuidor, fabricante Academia Dominicana de la Lengua,
Fecha de producción, publicación, distribución, fabricación o copyright 2014.
300 ## - DESCRIPCIÓN FÍSICA
Extensión 458 páginas ;
Dimensiones 24 cm.
336 ## - TIPO DE CONTENIDO
Término de tipo de contenido texto
Código de tipo de contenido txt
Fuente rdacontent
337 ## - TIPO DE MEDIO
Nombre/término del tipo de medio sin mediación
Código del tipo de medio n
Fuente rdamedia
338 ## - TIPO DE SOPORTE
Nombre/término del tipo de soporte volumen
Código del tipo de soporte nc
Fuente rdacarrier
490 0# - MENCIÓN DE SERIE
Mención de serie Por las amenas liras
500 ## - NOTA GENERAL
Nota general Incluye datos biográficos del autor en la solapa de la cubierta.
505 0# - NOTA DE CONTENIDO CON FORMATO
Nota de contenido con formato El conocimiento intuitivo en el arte de la creación. Intuiciones y vivencias en el arte literario. Claves cuánticas y estéticas de la creación, 9.-- Percepción intuitiva y simbólica en la creación literaria, 35.-- Intuición metafísica y simbólica en el arte de la creación, 49.-- Voz personal, subjetiva y universal en la gestación de la obra, 63.-- Formación, intuición y revelación en el arte de creación, 73.-- La formación intelectual y estética, 85.-- Vertiente conceptual y operativa de la obra de creación, 97.-- El arte de la creación poética. La vía intuitiva del conocimiento, 111.-- La poesía como intuición de lo profundo. Conocimiento y vivencia de lo absoluto, 125.-- El conocimiento del mundo en la creación metafísica y cuántica, 147.-- Perspectiva metafísica y cuántica en la creación lírica y simbólica, 163.-- La inspiración literaria a la luz de la realidad cuántica, 173.-- Temas literarios complementarios. El protocolo narrativo en el arte de la novelación, 201.-- El sentido de la crítica literaria, 229.-- Presentación del poemario Navegar en lo seco de Noé Zayas, 241.-- Metafísica de la revelación en la poesía de Pedro José Gris, 265.-- Presentación de Sínsoras, obra poética de José Luis Vega, 281.-- Diálogo sobre la creación literaria, 289.-- Diálogo sobre la metafísica y la creación, 299.-- Cartas y correos del Interiorismo. Cartas y correos del Interiorismo, 323.-- Conclusión. Presentación de la belleza y el sentido, 447.-- Bruno Rosario Candelier, 453.
590 ## - NOTA LOCAL (RLIN)
Nota local Inventariado, 2026/ VM
650 #7 - PUNTO DE ACCESO ADICIONAL DE MATERIA--TÉRMINO DE MATERIA
Término de materia o nombre geográfico como elemento de entrada Creación literaria, artística, etc.
650 #7 - PUNTO DE ACCESO ADICIONAL DE MATERIA--TÉRMINO DE MATERIA
Término de materia o nombre geográfico como elemento de entrada Poesía dominicana
650 #7 - PUNTO DE ACCESO ADICIONAL DE MATERIA--TÉRMINO DE MATERIA
Término de materia o nombre geográfico como elemento de entrada Literatura dominicana
Subdivisión general Historia y crítica
650 #7 - PUNTO DE ACCESO ADICIONAL DE MATERIA--TÉRMINO DE MATERIA
Término de materia o nombre geográfico como elemento de entrada Autores dominicanos
Subdivisión general Crítica e interpretación
710 2# - PUNTO DE ACCESO ADICIONAL--NOMBRE DE ENTIDAD CORPORATIVA
Nombre de entidad corporativa o nombre de jurisdicción como elemento de entrada Academia Dominicana de la Historia
910 ## - DATOS DE OPCIÓN DEL USUARIO (OCLC)
Datos de opción del usuario VMateo V. Control de la calidad BPMSU
942 ## - ELEMENTOS DE PUNTO DE ACCESO ADICIONAL (KOHA)
Fuente del sistema de clasificación o colocación Dewey Decimal Classification
Tipo de ítem Koha Libros
Existencias
Estado de retiro Estado de pérdida Fuente del sistema de clasificación o colocación No para préstamo Código de colección Localización permanente Ubicación/localización actual Fecha de adquisición Total de préstamos Signatura topográfica completa Código de barras Fecha visto por última vez Precio válido a partir de Tipo de ítem Koha
    Dewey Decimal Classification   Colección Dominicana Biblioteca Pública Metropolitana Salomé Ureña Biblioteca Pública Metropolitana Salomé Ureña 01/23/2026   BPMSU CD 801.92 R789i 2014 BPMSU26010035 01/23/2026 01/23/2026 Libros